Applications of pattern recognition and image processing to industrial problems in developing countries /

Guardado en:
Autores Corporativos: TATA Research Development and Design Centre., United Nations Industrial Development Organization.
Formato: Libro
Idioma:English
Publicado: [New Delhi] : United Nations Industrial Development Organization, 1986.
Materias:
Etiquetas: Agregar Etiqueta
Sin Etiquetas, Sea el primero en etiquetar este registro!
LEADER 01157nam a22002655a 4500
001 EIQ.libpla000805
008 060530s1986####ii#######b###i000#0#eng#d
005 20071217153211.0
245 1 0 |a Applications of pattern recognition and image processing to industrial problems in developing countries /  |c prepared by TATA Research Development and Design Centre. 
260 |a [New Delhi] :  |b United Nations Industrial Development Organization,  |c 1986. 
300 |a iii, 83 p. ;  |c 29,5 cm. 
500 |a Datos de cubierta. 
500 |a "Unido/IS: 609". 
500 |a "14 February 1986". 
504 |a Incluye referencias bibliográficas. 
710 2 |a TATA Research Development and Design Centre. 
650 4 |a Países en desarrollo  |x Problemas industriales. 
650 4 |a Procesamiento de imágenes  |x Técnicas. 
650 4 |a Reconocimiento de patrones  |x Técnicas. 
650 4 |a Pattern recognition  |x Techniques. 
650 4 |a Image processing  |x Techniques. 
650 4 |a developing countries  |x Industrial problems. 
040 |a AR-BbSID  |b spa  |c AR-BbSID 
110 2 |a United Nations Industrial Development Organization. 
859 |a AR-BbSID  |b BIB. PLAPIQUI  |h 330  |i N 113  |p 3550